000 00864nam a2200253 a 4500
005 20241203063724.0
008 991125s1980 es 000 0 spa u
020 _a8420612928
035 _aUPN01000050553
049 _aCG
050 4 _aB2949 S6
_bR3.98 1980
100 1 _aMarcuse, Herbert,
_d1898-1979
_929033
245 1 0 _aRazón y revolución :
_bHegel y el surgimiento de la teoría social /
_cHerbert Marcuse ; tr. Julieta Fombona de Sucre.
250 _a5a ed.
260 _aMadrid :
_bAlianza,
_c1980.
300 _a446 p.
440 3 _aEl libro de bolsillo.
_pHumanidades ;
_v292
590 _a(También localizas un ejemplar en el "Area de Reserva")
590 _aBibliografía Básica (BGTQ)
600 1 4 _aHEGEL, GEORG WILHELM FRIEDRICH,
_d1770-1831
650 7 _aDialéctica
_2
_915182
650 4 _aSociología
_xHistoria
_97604
905 _aLibro
999 _c50553
_d50553